[Event "Match"]
[Site "www.echecsemail.com"]
[Date "2015.02.15"]
[Round "1"]
[White "Orkman"]
[Black "Razorboy"]
[WhiteElo "2120"]
[BlackElo "1850"]
[Result "1-0"]
[Round "1"]
1.e4 e5
2.Ng1f3 Nb8c6
3.d4 exd4
4.c3 dxc3
5.Nb1xc3 Bf8b4
6.Bf1c4 Bb4xc3
7.bxc3 d6
8.O-O Bc8g4
9.Qd1b3 Qd8d7
10.Nf3g5 Bg4e6
11.Ng5xe6 fxe6
12.Bc4xe6 Qd7d8
13.Be6xg8 b6
14.Qb3f7 { resign }
1-0

[Event "Match"]
[Site "www.echecsemail.com"]
[Date "2015.02.15"]
[Round "1"]
[White "Bbking"]
[Black "F14"]
[WhiteElo "1540"]
[BlackElo "1599"]
[Result "0-1"]
[Round "1"]
1.e4 e5
2.Ng1f3 Nb8c6
3.Bf1b5 Ng8f6
4.Bb5xc6 dxc6
5.Nb1c3 Bf8d6
6.d4 Bc8g4
7.h3 Bg4xf3
8.gxf3 Qd8e7
9.Bc1g5 O-O-O
10.Bg5xf6 Qe7xf6
11.d5 Bd6b4
12.a3 Bb4xc3
13.bxc3 Rd8d6
14.c4 Rh8d8
15.Qd1e2 cxd5
16.cxd5 Qf6g6
17.O-O-O f5
18.h4 h5
19.Rh1g1 Qg6f6
20.c4 fxe4
21.Qe2xe4 Rd6a6
22.Qe4e3 e4
23.Qe3xe4 Ra6xa3
24.Rg1g3 Qf6c3
25.Kb1 Ra3a1
{ resign }
0-1

[Event "Match"]
[Site "www.echecsemail.com"]
[Date "2015.02.15"]
[Round "1"]
[White "Germancho95"]
[Black "Paco6"]
[WhiteElo "1580"]
[BlackElo "1610"]
[Result "1-0"]
[Round "1"]
1.e4 e5
2.Ng1f3 Nb8c6
3.Bf1b5 Ng8f6
4.O-O Bf8c5
5.c3 Nf6xe4
6.d4 exd4
7.cxd4 Bc5d6
8.Rf1e1 O-O
9.Re1xe4 Qd8f6
10.Bc1g5 Qf6g6
11.Nb1d2 Bd6b4
12.Bb5d3 d5
13.Re4e3 Qg6d6
14.Nd2f1 Bc8g4
15.h3 Bg4e6
16.Nf3h4 Nc6xd4
17.Qd1h5 h6
18.Bg5xh6 gxh6
19.Re3g3 Kh8
20.Qh5xh6 { resign }
1-0

[Event "Eq:chibcha-CONFOEDERATIONIS HELVETICAE : "]
[Site "www.chess-mail.com"]
[Date "2015.02.15"]
[Round "1"]
[White "Asiamen"]
[Black "Pablincho"]
[WhiteElo "2120"]
[BlackElo "1860"]
[Result "1-0"]
[Round "1"]
1.e4 e6
2.d4 Ng8f6
3.Nb1c3 Bf8b4
4.Bc1g5 h6
5.Bg5xf6 Qd8xf6
6.e5 Qf6e7
7.a3 Bb4a5
8.Qd1d3 c6
9.b4 Ba5b6
10.Ng1f3 O-O
11.Nc3e4 f5
12.Ne4g3 d5
13.Bf1e2 Nb8d7
{ time. }
1-0

[Event "Eq:Equipo Juan Diaz-Los Tercios : "]
[Site "www.chess-mail.com"]
[Date "2015.02.15"]
[Round "1"]
[White "Ilusion"]
[Black "Lui"]
[WhiteElo "2000"]
[BlackElo "2340"]
[Result "0-1"]
[Round "1"]
1.d4 Ng8f6
2.c4 e6
3.Nb1c3 Bf8b4
4.Qd1c2 O-O
5.a3 Bb4xc3
6.Qc2xc3 b6
7.Bc1g5 Bc8b7
8.f3 h6
9.Bg5h4 d5
10.e3 Rf8e8
11.Bf1d3 Nb8d7
12.cxd5 Nf6xd5
13.Bh4xd8 Nd5xc3
14.Bd8h4 Nc3d5
15.Bh4f2 e5
16.Ng1e2 exd4
17.exd4 Nd5f4
18.Kd2 Nf4xd3
{ resign }
0-1

[Event "Fast Game"]
[Site "www.echecsemail.com"]
[Date "2015.02.15"]
[Round "1"]
[White "Fanny33"]
[Black "Roqueur"]
[WhiteElo "2110"]
[BlackElo "2199"]
[Result "1-0"]
[Round "1"]
1.e4 c5
2.Nb1c3 Nb8c6
3.Ng1f3 e6
4.d4 cxd4
5.Nf3xd4 a6
6.Nd4xc6 bxc6
7.Bf1d3 d5
8.O-O Ng8f6
9.Rf1e1 Bf8e7
10.e5 Nf6d7
11.Qd1g4 g6
12.Bc1h6 Ra8b8
13.Nc3d1 Qd8c7
14.Qg4f4 Rh8g8
15.Bh6g5 Be7xg5
16.Qf4xg5 Kf8
17.b3 Kg7
18.c4 Bc8b7
19.Ra1c1 d4
20.c5 Qc7a5
21.Nd1b2 Rg8f8
22.Re1e4 h6
23.Qg5e7 Qa5xa2
24.Nb2c4 Qa2xb3
25.Re4xd4 Bb7c8
26.h4 Rb8b7
27.Qe7d6 Rb7a7
28.Rc1b1 Qb3c3
29.h5 g5
30.Bd3e2 Qc3c2
31.Rb1b2 Qc2c3
32.Rd4d1 a5
33.Rb2b1 Ra7b7
34.Rb1xb7 Bc8xb7
35.Qd6xd7 Bb7a6
36.Qd7d2 Qc3xd2
37.Rd1xd2 Ba6xc4
38.Be2xc4 Rf8b8
39.Kf1 a4
40.Ke2 Rb8a8
41.Ke3 a3
42.Kd4 Ra8a5
43.Rd2a2 Kf8
44.f3 Ke7
45.g4 Kd7
46.Bc4d3 Ke7
47.Kc4 Ra5a8
48.Kb4 Ra8b8
49.Kxa3 { resign }
1-0

[Event "Fast Game"]
[Site "www.echecsemail.com"]
[Date "2015.02.15"]
[Round "1"]
[White "Fabos12"]
[Black "Expert"]
[WhiteElo "1509"]
[BlackElo "1419"]
[Result "1-0"]
[Round "1"]
1.e4 c6
2.Nb1c3 d5
3.exd5 cxd5
4.d4 Ng8f6
5.Bc1f4 a6
6.Ng1f3 g6
7.Nf3e5 Bf8g7
8.Bf1d3 O-O
9.Qd1d2 Nb8d7
10.Bf4h6  { time }
1-0

[Event "Tourn. n8032"]
[Site "www.chess-mail.com"]
[Date "2015.02.16"]
[Round "1"]
[White "Umzi"]
[Black "Difficult"]
[WhiteElo "2130"]
[BlackElo "2020"]
[Result "1/2-1/2"]
[Round "1"]
1.e4 e6
2.d4 d5
3.exd5 exd5
4.Ng1f3 Ng8f6
5.Bf1e2 Bf8d6
6.O-O O-O
7.Nb1c3 c6
8.Bc1g5 Nb8d7
9.Be2d3 Rf8e8
10.Qd1d2 Qd8c7
11.Ra1e1 Re8xe1
12.Rf1xe1 h6
13.Bg5h4 b6
14.a3 Bc8b7
15.h3 Ra8e8
16.Re1xe8 Nf6xe8
17.Nc3e2 Ne8f6
18.Bh4g3 Bd6xg3
19.Ne2xg3 c5
20.c3 c4
21.Bd3b1 b5
22.Ng3f5 Nd7f8
23.Nf3e5 Bb7c8
24.Nf5e3 Nf8e6
25.Ne3g4 Nf6xg4
26.Ne5xg4 Ne6f4
27.Qd2e3 Nf4e6
28.Ng4xh6 gxh6
29.Qe3xh6 Ne6f8
30.Qh6g5 Kh8
31.Qg5xd5 a6
32.Bb1f5 Bc8xf5
33.Qd5xf5 Nf8g6
34.g3 Kg7
35.f4 Qc7c6
36.Qf5c2 Qc6f3
37.Qc2g2 Qf3d1
38.Kh2 Qd1d3
39.h4 Ng6e7
40.g4 Ne7g6
41.Qg2f2 Qd3e4
42.f5 { draw }
1/2-1/2

[Event "Tourn. n8102"]
[Site "www.chess-mail.com"]
[Date "2015.02.16"]
[Round "1"]
[White "Sorren"]
[Black "Kesalon"]
[WhiteElo "1840"]
[BlackElo "1679"]
[Result "1-0"]
[Round "1"]
1.e4 e5
2.Ng1f3 Nb8c6
3.Bf1c4 Ng8f6
4.Nf3g5 d5
5.exd5 Nf6xd5
6.Ng5xf7 Kxf7
7.Qd1f3 Kg8
8.Bc4xd5 { resign }
1-0

[Event "Tourn. n7940"]
[Site "www.chess-mail.com"]
[Date "2015.02.16"]
[Round "1"]
[White "Picifarkinca"]
[Black "Difficult"]
[WhiteElo "1970"]
[BlackElo "1880"]
[Result "1/2-1/2"]
[Round "1"]
1.Ng1f3 Ng8f6
2.g3 d5
3.Bf1g2 c5
4.d3 Nb8c6
5.O-O e6
6.Nb1d2 Bf8d6
7.e4 dxe4
8.dxe4 Qd8c7
9.Rf1e1 Bd6e7
10.Nd2c4 O-O
11.Bc1f4 Qc7d8
12.c3 b5
13.Nc4e5 Nc6xe5
14.Nf3xe5 Bc8b7
15.Qd1c2 Qd8b6
16.c4 b4
17.b3 Rf8d8
18.Ra1d1 a5
19.Rd1xd8 Ra8xd8
20.Re1d1 Rd8xd1
21.Qc2xd1 Bb7xe4
22.Bg2xe4 Nf6xe4
23.Qd1d7 Qb6d8
{ draw }
1/2-1/2

[Event "Tourn. n7952"]
[Site "www.chess-mail.com"]
[Date "2015.02.16"]
[Round "1"]
[White "Woodpusher2"]
[Black "Seger"]
[WhiteElo "2510"]
[BlackElo "2630"]
[Result "1/2-1/2"]
[Round "1"]
1.d4 d5
2.c4 e6
3.Ng1f3 c5
4.cxd5 exd5
5.Nb1c3 Nb8c6
6.g3 c4
7.Bf1g2 Ng8f6
8.Nf3e5 Bf8e7
9.O-O O-O
10.b3 cxb3
11.axb3 Bc8f5
12.Qd1d2 Ra8c8
13.Bc1b2 Nc6a5
14.Nc3xd5 Na5xb3
15.Qd2g5 Nf6xd5
16.Qg5xf5 Nb3xa1
17.Bb2xa1 g6
18.Qf5f3 Nd5b4
19.Qf3xb7 Qd8c7
20.Qb7f3 f6
21.Ne5d3 Nb4xd3
22.Qf3xd3 a5
23.h4 Kg7
24.e4 a4
25.h5 a3
26.e5 fxe5
27.dxe5 Qc7c4
28.Qd3d7 Rc8c7
29.Qd7d2 g5
30.Qd2a5 a2
31.Bg2e4 Rc7c8
32.Be4d5 Qc4d3
33.h6 Kxh6
34.Qa5b6 Kg7
35.Qb6b7 Qd3a3
36.Bd5xa2 Rc8c2
37.Ba2b3 { draw }
1/2-1/2

[Event "Tourn. n8030"]
[Site "www.chess-mail.com"]
[Date "2015.02.16"]
[Round "1"]
[White "Gambitplayer"]
[Black "Hrob71"]
[WhiteElo "1620"]
[BlackElo "1819"]
[Result "0-1"]
[Round "1"]
1.d4 Ng8f6
2.c4 c5
3.d5 b5
4.Nb1d2 Qd8a5
5.cxb5 a6
6.bxa6 Bc8xa6
7.e4 Nf6xe4
8.Bf1xa6 Nb8xa6
9.Ng1f3 { time. }
0-1

[Event "Tourn. n7994"]
[Site "www.chess-mail.com"]
[Date "2015.02.16"]
[Round "1"]
[White "Osopanda"]
[Black "Georgepapi"]
[WhiteElo "2020"]
[BlackElo "1830"]
[Result "1/2-1/2"]
[Round "1"]
1.c4 Ng8f6
2.d4 e6
3.Nb1c3 Bf8b4
4.f3 d5
5.e3 O-O
6.a3 Bb4xc3
7.bxc3 Nb8d7
8.Bf1d3 c5
9.Ng1e2 Qd8c7
10.O-O b6
11.e4 dxe4
12.fxe4 Bc8b7
13.e5 Qc7c6
14.Ne2f4 g5
15.d5 exd5
16.exf6 gxf4
17.Rf1xf4 Nd7xf6
18.Bd3e2 Nf6e4
19.cxd5 Qc6xd5
20.Qd1xd5 Bb7xd5
21.c4 Ne4c3
22.Be2h5 Bd5e6
23.Bc1b2 Nc3a4
24.Bb2f6 h6
25.Rf4f3 Kh7
26.Rf3g3 Rf8g8
27.Bh5f3 Rg8xg3
28.Bf3xa8 Rg3g4
29.Ba8c6 Be6xc4
30.Bc6xa4 Bc4d5
31.g3 Rg4xa4
32.Kf2 Kg6
33.Bf6d8 b5
34.Ke3 Ra4e4
35.Kd3 c4
36.Kc3 Re4e2
37.Bd8a5 Re2xh2
38.Kd4 Bd5c6
39.Kc5 Bc6e8
40.Ba5c7 c3
41.Ra1c1 Rh2h5
42.Kb4 a6
43.Rc1xc3 Rh5d5
44.Bc7f4 Rd5d4
45.Kb3 Be8d7
46.Rc3e3 Bd7e6
47.Kb2 h5
48.Re3e5 Rd4d5
49.Re5e2 Rd5d3
50.Re2e3 Rd3xe3
51.Bf4xe3 Kf5
52.Kc3 Kg4
53.Be3f2 Kf3
54.Bf2e1 f5
55.Kd4 f4
56.gxf4 Kxf4
57.Kc5 Kg4
58.Kb6 h4
59.Be1xh4 Kxh4
60.Kxa6 Be6c4
61.Ka5 Kg4
62.a4 bxa4
63.Kxa4 Kf4
64.Kb4 { draw }
1/2-1/2

[Event "Tourn. n8001"]
[Site "www.chess-mail.com"]
[Date "2015.02.16"]
[Round "1"]
[White "Korto"]
[Black "Winterlude"]
[WhiteElo "2380"]
[BlackElo "2540"]
[Result "0-1"]
[Round "1"]
1.Ng1f3 Nb8c6
2.c4 e5
3.d3 Ng8f6
4.g3 Bf8e7
5.Bf1g2 d5
6.O-O O-O
7.cxd5 Nf6xd5
8.e4 Nd5b4
9.Nb1c3 Qd8xd3
10.Qd1xd3 Nb4xd3
11.Rf1d1 Nd3xc1
12.Ra1xc1 Bc8g4
13.Nc3d5 Be7d8
14.Nd5e3 Bg4xf3
15.Bg2xf3 Nc6d4
16.Kg2 c6
17.Bf3g4 g6
18.f4 exf4
19.gxf4 Bd8b6
20.Ne3c4 Ra8d8
21.Nc4xb6 axb6
22.Bg4f3 b5
23.Kf2 b4
24.Rc1c4 Nd4xf3
25.Rd1xd8 Rf8xd8
26.Kxf3 Rd8d3
27.Ke2 Rd3h3
28.Rc4xb4 b5
29.Kf2 Rh3xh2
30.Kg3 Rh2d2
31.a3 h5
32.Kh4 Kf8
33.f5 Kg7
34.fxg6 fxg6
35.b3 Kh6
36.Kg3 g5
37.e5 g4
38.Kf4 Rd2f2
39.Kg3 Rf2f3
40.Kg2 Rf3e3
41.a4 Re3xe5
42.axb5 cxb5
43.Rb4d4 Kg5
44.Rd4d8 Kh4
45.Rd8d2 Re5e3
46.b4 Re3e4
47.Rd2b2 g3
48.Kf3 Re4c4
{ resign }
0-1

[Event "Tourn. n7891"]
[Site "www.chess-mail.com"]
[Date "2015.02.16"]
[Round "1"]
[White "Sonivano"]
[Black "Cardiff"]
[WhiteElo "2280"]
[BlackElo "2040"]
[Result "1/2-1/2"]
[Round "1"]
1.e4 e5
2.Ng1f3 Nb8c6
3.Bf1c4 Bf8e7
4.d4 d6
5.O-O Ng8f6
6.Rf1e1 O-O
7.h3 exd4
8.Nf3xd4 Bc8d7
9.f4 Nc6xd4
10.Qd1xd4 Bd7c6
11.Nb1c3 Rf8e8
12.b3 a6
13.a4 Nf6d7
14.Nc3d5 Be7f6
15.Nd5xf6 Qd8xf6
16.Qd4xf6 Nd7xf6
17.e5 d5
18.Bc4d3 Nf6e4
19.Bc1b2 Ra8d8
20.Ra1d1 h6
21.Bd3e2 g6
22.Be2f3 Ne4c5
23.Rd1d2 Nc5e4
24.Rd2d1 h5
25.c4 f5
26.cxd5 Bc6xd5
27.Re1e3 Kf7
28.Re3d3 c6
29.g4 hxg4
30.hxg4 Ke6
31.Bb2a3 b5
32.Kg2 Rd8b8
33.Ba3d6 Rb8b7
34.a5 Rb7d7
35.Bd6a3 Re8d8
36.Kg1 Rd8e8
{ draw }
1/2-1/2

[Event "Tourn. n8040"]
[Site "www.chess-mail.com"]
[Date "2015.02.16"]
[Round "1"]
[White "Krasin"]
[Black "Badplayer"]
[WhiteElo "2270"]
[BlackElo "2250"]
[Result "1-0"]
[Round "1"]
1.e4 c5
2.c3 Nb8c6
3.d4 cxd4
4.cxd4 d5
5.exd5 Qd8xd5
6.Ng1f3 Bc8g4
7.Bf1e2 Ng8f6
8.Nb1c3 Qd5a5
9.O-O e6
10.Bc1e3 Bf8e7
11.h3 Bg4h5
12.Qd1b3 Qa5b4
13.g4 Qb4xb3
14.axb3 Bh5g6
15.Nf3e5 Nc6xe5
16.dxe5 Nf6d7
17.f4 f5
18.Nc3b5 O-O
19.Nb5c7 Ra8c8
20.Nc7xe6 Rf8e8
21.Be2c4 Kh8
22.Ra1xa7 fxg4
23.hxg4 Bg6e4
24.Rf1d1 Nd7c5
25.Ne6xc5 Be7xc5
26.Be3xc5 Rc8xc5
27.e6 h5
28.g5 b5
29.Ra7a5 Be4c2
30.Rd1d2 Bc2f5
31.Ra5xb5 Rc5xb5
32.Bc4xb5 Re8xe6
33.Rd2d8 Kh7
34.Bb5d7 Kg6
35.Bd7xe6 Bf5xe6
36.Rd8d6 Kf5
37.Rd6xe6 Kxe6
38.b4 g6
39.b5 Kd5
40.b6 Kc6
41.f5 gxf5
42.g6 Kxb6
43.g7 { resign }
1-0

[Event "Tourn. n7916"]
[Site "www.chess-mail.com"]
[Date "2015.02.16"]
[Round "1"]
[White "Hugol"]
[Black "Jjmcbride"]
[WhiteElo "1880"]
[BlackElo "1760"]
[Result "0-1"]
[Round "1"]
1.e4 e5
2.Ng1f3 d6
3.d4 f6
4.dxe5 fxe5
5.Bf1c4 Ng8f6
6.Nb1c3 h6
7.O-O Nb8d7
8.Rf1e1 Nd7b6
9.Bc4b3 Bc8d7
10.Nc3d5 Bd7c6
11.Qd1d3 Qd8d7
12.Nd5xf6 gxf6
13.Nf3h4 O-O-O
14.Nh4f5 d5
15.exd5 Nb6xd5
16.Nf5g3 Qd7g7
17.Bc1d2 Nd5f4
18.Qd3e3 Kb8
19.f3 b6
20.Qe3c3 Bf8c5
21.Bd2e3 Bc5xe3
22.Re1xe3 Bc6b7
23.a4 h5
24.a5 b5
25.a6 Bb7c8
26.Qc3b4 c6
27.c4 Rd8d4
28.Qb4c5 Qg7d7
29.cxb5 cxb5
30.Ra1a5 Rd4d6
31.Ra5xb5 Ka8
32.Ng3e4 Rd6d1
33.Kf2 Bc8xa6
34.Rb5a5 Nf4d3
35.Re3xd3 Rd1xd3
36.Ra5xa6 Rd3xb3
37.Ra6d6 Rb3xb2
38.Ke1 Qd7b7
39.Ne4xf6 Rh8c8
40.Qc5a5 Rc8c1
41.Rd6d1 Rc1xd1
42.Kxd1 Qb7b3
43.Ke1 Qb3e3
{ resign }
0-1

[Event "Tourn. n7988"]
[Site "www.chess-mail.com"]
[Date "2015.02.16"]
[Round "1"]
[White "Apdash"]
[Black "Stevo100"]
[WhiteElo "2140"]
[BlackElo "2100"]
[Result "1-0"]
[Round "1"]
1.d4 Ng8f6
2.c3 d5
3.Ng1f3 Bc8f5
4.e3 e6
5.Bf1d3 Bf5xd3
6.Qd1xd3 c6
7.O-O Nf6e4
8.Nb1d2 f5
9.Nf3e5 Bf8d6
10.f3 Ne4xd2
11.Bc1xd2 O-O
12.e4 Qd8c7
13.exf5 exf5
14.Bd2f4 c5
15.Ra1e1 Nb8c6
16.Ne5xc6 Qc7xc6
17.Bf4xd6 Qc6xd6
18.Re1e5 cxd4
19.cxd4 Qd6d7
20.Rf1e1  { time }
1-0

[Event "Tourn. n7952"]
[Site "www.chess-mail.com"]
[Date "2015.02.16"]
[Round "1"]
[White "Szustan"]
[Black "Nimzo"]
[WhiteElo "2610"]
[BlackElo "2670"]
[Result "1/2-1/2"]
[Round "1"]
1.e4 e6
2.d4 d5
3.Nb1c3 dxe4
4.Nc3xe4 Nb8d7
5.Ng1f3 Ng8f6
6.Ne4xf6 Nd7xf6
7.c3 c5
8.Bf1d3 cxd4
9.Nf3xd4 Bf8c5
10.O-O Bc8d7
11.Bd3c2 Qd8b6
12.Bc1e3 Nf6d5
13.Qd1g4 Nd5xe3
14.Qg4xg7 Ne3xf1
15.Qg7xh8 Bc5f8
16.Ra1xf1 Qb6xb2
17.Bc2xh7 Qb2xc3
18.Qh8f6 Bf8c5
19.Qf6h8 Bc5f8
20.Qh8f6 Bf8c5
{ draw }
1/2-1/2

[Event "Tourn. n7978"]
[Site "www.chess-mail.com"]
[Date "2015.02.16"]
[Round "1"]
[White "Traub"]
[Black "Georgepapi"]
[WhiteElo "1850"]
[BlackElo "1820"]
[Result "0-1"]
[Round "1"]
1.d4 Ng8f6
2.c4 e6
3.Ng1f3 b6
4.Nb1c3 Bc8b7
5.e3 d5
6.b3 c5
7.Bc1b2 Bf8e7
8.Bf1d3 Nb8d7
9.O-O O-O
10.Nf3e5 Qd8c7
11.f4 a6
12.Ra1c1 Rf8d8
13.cxd5 Nf6xd5
14.Nc3xd5 Bb7xd5
15.e4 Bd5b7
16.dxc5 Be7xc5
17.Kh1 Nd7xe5
18.Bb2xe5 Qc7e7
19.Qd1e2 h6
20.Be5b2 Bc5d4
21.e5 Bd4xb2
22.Rc1c2 Bb2a3
23.f5 exf5
24.Bd3xf5 a5
25.e6 Bb7d5
26.exf7 Bd5xf7
27.Qe2b5 { time. }
0-1

[Event "Match"]
[Site "www.echecsemail.com"]
[Date "2015.02.16"]
[Round "1"]
[White "Joseph1983"]
[Black "Oxycontin"]
[WhiteElo "2110"]
[BlackElo "2030"]
[Result "1-0"]
[Round "1"]
1.e4 Ng8f6
2.Nb1c3 d5
3.exd5 Nf6xd5
4.d4 Nb8c6
5.Ng1f3 g6
6.Bf1c4 e6
7.O-O Bf8g7
8.Bc4xd5 exd5
9.Rf1e1 Nc6e7
10.Qd1e2 Bg7f6
11.Bc1h6 Bc8e6
12.Nf3g5 Bf6xg5
13.Bh6xg5 c6
14.Qe2e5 Kd7
15.Nc3a4 b6
16.c4 Qd8c7
17.Qe5xc7 { resign }
1-0

[Event "Match"]
[Site "www.echecsemail.com"]
[Date "2015.02.16"]
[Round "1"]
[White "Supernovae"]
[Black "F14"]
[WhiteElo "1940"]
[BlackElo "1599"]
[Result "0-1"]
[Round "1"]
1.e4 c5
2.Ng1f3 Nb8c6
3.d4 cxd4
4.Nf3xd4 e5
5.Nd4f3 Ng8f6
6.Nb1c3 Bf8b4
7.Bc1g5 O-O
8.Bf1c4 h6
9.Bg5xf6 Qd8xf6
10.Qd1d3 d6
11.a3 Bb4a5
12.O-O Bc8g4
13.h3 Bg4xf3
14.Qd3xf3 Qf6xf3
15.gxf3 Nc6d4
16.b4 Ba5d8
17.Nc3d5 Nd4xf3
18.Kg2 Nf3d2
{ resign }
0-1

[Event "Match"]
[Site "www.echecsemail.com"]
[Date "2015.02.16"]
[Round "1"]
[White "Billyg"]
[Black "Genius9"]
[WhiteElo "1530"]
[BlackElo "1220"]
[Result "0-1"]
[Round "1"]
1.e4 c6
2.d3 d5
3.h3 dxe4
4.dxe4 Qd8xd1
5.Kxd1 e5
6.Ng1f3 f6
7.a3 Bf8c5
8.b4 Bc5xf2
9.b5 Bc8e6
10.Nf3d2 Ng8e7
11.Rh1h2 O-O
12.Nd2c4 cxb5
13.Nc4a5 b6
14.Na5b7 Nb8c6
15.Nb7d6 Rf8d8
16.g4 Rd8xd6
17.Nb1d2 Bf2g3
18.Rh2g2 Bg3f4
19.Bf1xb5 Ra8d8
20.Bb5xc6 Ne7xc6
21.Ke1 Bf4xd2
22.Bc1xd2 Nc6d4
23.Ra1c1 Nd4f3
24.Kf1 Nf3xd2
25.Ke1 Nd2xe4
26.Rg2e2 Ne4c3
27.Re2e3 Rd6d1
28.Rc1xd1 Rd8xd1
29.Kf2 Rd1d2
30.Kg3 Nc3d5
31.Re3f3 Nd5f4
32.Rf3f2 Rd2xf2
{ resign }
0-1

[Event "Match"]
[Site "www.echecsemail.com"]
[Date "2015.02.16"]
[Round "1"]
[White "Rindrandria"]
[Black "Ranjachess"]
[WhiteElo "1500"]
[BlackElo "1710"]
[Result "0-1"]
[Round "1"]
1.h4 e5
2.c4 d5
3.cxd5 Qd8xd5
4.Nb1c3 Qd5a5
5.Ng1h3 Bc8d7
6.Qd1b3 Nb8c6
7.Qb3xb7 Ng8e7
8.Qb7xa8 Bd7c8
9.e3 a6
10.f3 g6
11.Nc3d5 Qa5xd5
12.Bf1xa6 Qd5a5
13.b4 Nc6xb4
14.Qa8e4 Nb4xa6
15.Qe4a8 Bf8g7
16.Ra1b1 O-O
17.Rb1b8 Qa5xa2
18.O-O Qa2c4
19.d3 Qc4xd3
20.Nh3f2 Qd3e2
21.Rb8b2 Qe2c4
22.e4 Bc8d7
23.Qa8a7 Ne7c6
24.Qa7e3 Nc6d4
25.Rb2d2 Bd7b5
26.Rf1e1 Nd4c2
27.Rd2xc2 Qc4xc2
28.Bc1a3 Rf8d8
29.Re1c1 Qc2a2
30.Nf2d1 Rd8d3
31.Qe3e1 Rd3xa3
32.Nd1c3 Qa2b3
33.Rc1b1 Qb3xc3
34.Qe1d1 Qc3e3
35.Kh1 Bb5d3
36.Rb1b3 Ra3xb3
37.Qd1xb3 Bg7f6
38.Qb3a4 Bf6xh4
39.Qa4e8 Kg7
40.Qe8xe5 f6
41.Qe5c3 Bh4f2
42.f4 Bd3xe4
43.Qc3xe3 Bf2xe3
44.f5 g5
45.Kh2 h5
46.g3 h4
47.g4 c5
{ resign }
0-1

[Event "Match"]
[Site "www.echecsemail.com"]
[Date "2015.02.16"]
[Round "1"]
[White "Susov"]
[Black "E4player"]
[WhiteElo "1780"]
[BlackElo "1809"]
[Result "0-1"]
[Round "1"]
1.e4 d5
2.exd5 Ng8f6
3.Bf1c4 Nf6xd5
4.Qd1f3 e6
5.Bc4xd5 exd5
6.d4 Nb8c6
7.Bc1e3 Nc6b4
8.Qf3e2 Bc8f5
9.Nb1a3 Bf8e7
10.c3 Nb4d3
11.Kd1 Qd8d7
12.Ng1f3 Qd7a4
13.Kd2 O-O-O
14.Nf3e5 Nd3xe5
15.Ra1c1 Be7xa3
16.bxa3 Bf5g4
17.f3 Ne5c4
18.Ke1 Rd8e8
19.Qe2c2 Re8xe3
20.Kf2 Qa4xc2
21.Rc1xc2 Bg4f5
{ resign }
0-1

[Event "Match"]
[Site "www.echecsemail.com"]
[Date "2015.02.16"]
[Round "1"]
[White "Billyg"]
[Black "Nugun"]
[WhiteElo "1620"]
[BlackElo "1529"]
[Result "1-0"]
[Round "1"]
1.e4 e5
2.Ng1f3 Nb8c6
3.c3 Ng8f6
4.d4 Nf6xe4
5.Qd1e2 d6
6.Qe2xe4 Qd8e7
7.d5 Nc6d8
8.Bf1b5 Bc8d7
9.Bb5xd7 Qe7xd7
10.O-O c6
11.Rf1d1 c5
12.Nf3g5 Bf8e7
13.Ng5xh7 Qd7b5
14.Nb1a3 Qb5a5
15.Bc1d2 g6
16.Na3c4 Qa5a6
17.Nh7g5 b5
18.Nc4a3 b4
19.cxb4 Nd8b7
20.b5 Qa6b6
21.Qe4f3 f6
22.Ng5e4 f5
23.Ne4c3 Rh8h4
24.b3 O-O-O
25.Qf3g3 Rd8g8
26.Nc3a4 Rg8h8
27.Na4xb6 axb6
28.h3 g5
29.Bd2xg5 Rh4h7
30.Bg5xe7 Rh7xe7
31.Qg3g5 Re7f7
32.Qg5g6 Rh8f8
33.Na3c4 Kc7
34.a4 Rf7f6
35.Qg6g3 f4
36.Qg3g7 Kb8
37.Nc4xb6 f3
38.Nb6d7 Ka7
39.Nd7xf6 Rf8a8
40.Nf6d7 Ra8d8
41.b6 Ka6
42.a5 Kb5
43.a6 Nb7a5
44.Rd1b1 e4
45.a7 Ka6
46.a8Q Rd8xa8
47.b4 cxb4
48.Rb1xb4 Ra8c8
49.b7 { resign }
1-0

[Event "Match"]
[Site "www.echecsemail.com"]
[Date "2015.02.16"]
[Round "1"]
[White "Generalfree"]
[Black "Traub"]
[WhiteElo "1780"]
[BlackElo "1830"]
[Result "1-0"]
[Round "1"]
1.e4 e5
2.Ng1f3 Nb8c6
3.Bf1b5 a6
4.Bb5xc6 dxc6
5.Nf3xe5 Qd8d4
6.Ne5f3 Qd4xe4
7.Qd1e2 Ng8f6
8.Qe2xe4 Nf6xe4
9.O-O Bf8d6
10.Rf1e1 f5
11.d3 O-O
12.dxe4 fxe4
13.Re1xe4 Bc8f5
14.Re4e2 Ra8e8
15.Re2xe8 Rf8xe8
16.c3 Re8e2
17.Nb1d2 Bd6c5
18.Kf1 Re2xf2
19.Ke1 Bf5d3
20.Kd1 Rf2xg2
21.Nf3e1 Rg2xh2
22.Ne1xd3 Bc5e3
23.Nd2f3 Rh2h1
24.Kc2 g5
25.Ra1b1 Be3xc1
26.Nd3xc1 Rh1f1
27.Nf3xg5 h5
28.Nc1e2 Rf1f2
29.Kd3 Rf2h2
30.Ng5e6 h4
31.Ne6xc7 h3
32.Rb1g1 Kf7
33.Ne2f4 Rh2xb2
{ time. }
1-0

[Event "Match"]
[Site "www.echecsemail.com"]
[Date "2015.02.16"]
[Round "1"]
[White "Irene"]
[Black "Apoorva"]
[WhiteElo "2000"]
[BlackElo "1990"]
[Result "1-0"]
[Round "1"]
1.d4 d5
2.e3 c5
3.dxc5 Nb8c6
4.Nb1c3 e6
5.a3 Bf8xc5
6.b4 Bc5e7
7.Bf1b5 a6
8.Bb5a4 b5
9.Nc3xb5 axb5
10.Ba4xb5 Bc8d7
11.Bc1b2 Ng8f6
12.Ng1f3 O-O
13.O-O Qd8b6
14.Bb5d3 Rf8d8
15.Nf3g5 e5
16.c4 h6
17.Ng5f3 e4
18.cxd5 Nc6a7
19.Bb2xf6 Be7xf6
20.Bd3xe4 Bf6xa1
21.Qd1xa1 Na7b5
22.a4 Rd8c8
23.Nf3e5 Bd7e8
24.a5 Qb6d6
25.Qa1b2 f6
26.Ne5c6 Be8f7
27.Qb2d2 Rc8xc6
28.Qd2d3 Rc6c8
29.Qd3xb5 Ra8b8
30.Qb5d3 Rb8xb4
31.Be4f3 Bf7e8
32.Bf3e2 Be8b5
33.Qd3f5 Rc8d8
34.Be2f3 Bb5xf1
35.Bf3e4 Rb4xe4
36.Qf5xe4 Bf1a6
37.Qe4g4 Qd6xd5
38.h3 Qd5d1
39.Kh2 Qd1xg4
40.hxg4 Rd8d5
41.Kg3 Rd5xa5
42.f3 g5
43.f4 Ra5a3
44.Kf3 Ba6b7
45.Kf2 Ra3a2
46.Kg3 Ra2xg2
47.Kh3 Rg2e2
48.f5 Re2xe3
49.Kh2 Bb7f3
50.Kg3 Bf3d1
51.Kf2 Re3a3
52.Ke1 Bd1xg4
53.Kd2 Bg4xf5
54.Kc1 Ra3d3
55.Kc2 Rd3d8
56.Kc3  { time }
1-0

[Event "1/128 Finale"]
[Site "www.chess-mail.com"]
[Date "2015.02.16"]
[Round "1"]
[White "Traub"]
[Black "Blackpool"]
[WhiteElo "1730"]
[BlackElo "1720"]
[Result "0-1"]
[Round "1"]
1.e4 e5
2.Ng1f3 Nb8c6
3.Bf1c4 Bf8c5
4.O-O Ng8f6
5.Nb1c3 d6
6.d3 Bc8g4
7.h3 Bg4xf3
8.Qd1xf3 O-O
9.Bc1g5 Nc6d4
10.Qf3d1 c6
11.Qd1d2 b5
12.Bc4b3 Nd4xb3
13.axb3 Qd8e7
14.Nc3e2 Qe7e6
15.b4 Bc5b6
16.Kh1 d5
17.f4 dxe4
18.Bg5xf6 Qe6xf6
19.dxe4 exf4
20.Ne2xf4 Rf8d8
21.Qd2e2 Qf6xb2
22.Nf4d3 Qb2d4
23.Qe2f3 Rd8f8
24.e5 Qd4d7
25.Nd3f4 a5
26.Rf1d1 Qd7c7
27.Nf4d3 axb4
28.Nd3xb4 Ra8xa1
29.Rd1xa1 Qc7xe5
30.c3 Bb6c7
31.Kg1 Qe5h2
32.Kf2 Bc7b6
33.Ke2 Rf8e8
34.Kd2 Qh2d6
35.Kc2 g6
36.Ra1d1 Qd6e6
37.Nb4xc6 Qe6e2
38.Qf3xe2 { time. }
0-1

[Event "1/128 Finale"]
[Site "www.chess-mail.com"]
[Date "2015.02.16"]
[Round "1"]
[White "Jesmantiz"]
[Black "Badplayer"]
[WhiteElo "2170"]
[BlackElo "2170"]
[Result "0-1"]
[Round "1"]
1.d4 d5
2.e3 c6
3.Bf1d3 g6
4.c4 Bf8g7
5.Nb1c3 Ng8f6
6.Ng1e2 O-O
7.O-O Nb8d7
8.f4 e6
9.Ne2g3 b6
10.b3 a5
11.a4 Bc8a6
12.Ra1a2 Rf8e8
13.e4 dxe4
14.Nc3xe4 Qd8c7
15.Ne4g5 Nd7f8
16.Ng5f3 Re8d8
17.Bc1e3 Nf6g4
18.Qd1e2 Ng4xe3
19.Qe2xe3 Ra8b8
20.Kh1 Nf8d7
21.Ra2c2 c5
22.dxc5 Nd7xc5
23.Bd3e2 Ba6b7
24.Nf3e5 Rd8d6
25.h4 Qc7e7
26.h5 Rb8d8
27.hxg6 hxg6
28.Kg1 Nc5d7
29.Ng3e4 Bb7xe4
30.Qe3xe4 Nd7c5
31.Qe4f3 Bg7xe5
32.fxe5 Rd6d2
33.Rc2c3 Kg7
34.Qf3g4 Rd8d4
35.Qg4f3 Rd4h4
36.Qf3e3 Rd2d4
37.Be2f3 Qe7d8
38.g3 Rh4h7
39.Kg2 Rd4d2
40.Rf1f2 Rd2xf2
41.Kxf2 Rh7h2
42.Kg1 Qd8d2
43.Qe3xd2 Rh2xd2
44.Bf3c6 Nc5d3
45.Bc6e4 Nd3c5
46.Be4g2 Rd2d3
47.Rc3xd3 Nc5xd3
48.Bg2e4 Nd3xe5
49.Kf2 f5
50.Be4c2 Ne5c6
51.Ke3 e5
52.Bc2d1 Kf6
53.g4 Nc6d4
54.gxf5 gxf5
55.Kd3 Nd4e6
56.Kc3 e4
57.b4 Ke5
58.Bd1h5 f4
59.Bh5e2 f3
60.Be2d1 Ne6d4
61.bxa5 bxa5
62.Kd2 f2
63.Bd1e2 Nd4xe2
64.Kxe2 e3
65.Kf1 Kd4
66.Ke2 Kxc4
{ resign }
0-1

[Event "1/64 Finale"]
[Site "www.chess-mail.com"]
[Date "2015.02.16"]
[Round "1"]
[White "Traub"]
[Black "Rindrandria"]
[WhiteElo "1830"]
[BlackElo "1540"]
[Result "0-1"]
[Round "1"]
1.e4 d6
2.d4 e6
3.Nb1c3 g5
4.f4 Bf8h6
5.g3 c6
6.h3 gxf4
7.Qd1g4 e5
8.Qg4h5 exd4
9.Nc3e2 Bh6g7
10.Bc1xf4 Ng8f6
11.Qh5f3 Qd8b6
12.O-O-O c5
13.e5 Nf6d7
14.exd6 O-O
15.c3 Nb8c6
16.Qf3d3 Nc6e5
17.Qd3d2 Qb6xd6
18.Bf4xe5 { time. }
0-1

[Event "1/32 Finale"]
[Site "www.chess-mail.com"]
[Date "2015.02.16"]
[Round "1"]
[White "Merlino23"]
[Black "Caravale"]
[WhiteElo "2680"]
[BlackElo "2120"]
[Result "1-0"]
[Round "1"]
1.e4 e5
2.Ng1f3 Nb8c6
3.Bf1b5 Ng8f6
4.O-O d6
5.Rf1e1 Bc8d7
6.c3 a6
7.Bb5a4 b5
8.Ba4b3 Bf8e7
9.d4 O-O
10.h3 Qd8c8
11.Nb1d2 Nf6h5
12.d5 Nc6a5
13.Nf3xe5 dxe5
14.Qd1xh5 Be7d6
15.Bb3d1 c5
16.Bd1g4 Bd7xg4
17.hxg4 Qc8d7
18.Nd2f3 g6
19.Qh5h4 f6
20.g5 f5
21.exf5 Qd7xf5
22.Nf3h2 Kh8
23.Nh2g4 Ra8d8
24.b3 Qf5c2
25.Ng4xe5 Qc2xc3
26.Ne5xg6 Kg8
27.Ng6e7 Kh8
28.f4 { resign }
1-0